<?xml version="1.0" encoding="UTF-8"?>
<collection xmlns="http://www.loc.gov/MARC21/slim">
 <record>
  <leader>03318cam a2200697 c 4500</leader>
  <controlfield tag="001">757487939</controlfield>
  <controlfield tag="003">DE-627</controlfield>
  <controlfield tag="005">20251224184514.0</controlfield>
  <controlfield tag="007">tu</controlfield>
  <controlfield tag="008">130820s2013    sp |||||      00| ||spa c</controlfield>
  <datafield tag="010" ind1=" " ind2=" ">
   <subfield code="a">  2013405277</subfield>
  </datafield>
  <datafield tag="020" ind1=" " ind2=" ">
   <subfield code="a">8433855093</subfield>
  </datafield>
  <datafield tag="020" ind1=" " ind2=" ">
   <subfield code="a">9788433855091</subfield>
  </datafield>
  <datafield tag="035" ind1=" " ind2=" ">
   <subfield code="a">(DE-627)757487939</subfield>
  </datafield>
  <datafield tag="035" ind1=" " ind2=" ">
   <subfield code="a">(DE-576)392233819</subfield>
  </datafield>
  <datafield tag="035" ind1=" " ind2=" ">
   <subfield code="a">(DE-599)BSZ392233819</subfield>
  </datafield>
  <datafield tag="040" ind1=" " ind2=" ">
   <subfield code="a">DE-627</subfield>
   <subfield code="b">ger</subfield>
   <subfield code="c">DE-627</subfield>
   <subfield code="e">rakwb</subfield>
  </datafield>
  <datafield tag="041" ind1=" " ind2=" ">
   <subfield code="a">spa</subfield>
  </datafield>
  <datafield tag="044" ind1=" " ind2=" ">
   <subfield code="c">XA-ES</subfield>
  </datafield>
  <datafield tag="050" ind1=" " ind2="0">
   <subfield code="a">NB809.A5</subfield>
  </datafield>
  <datafield tag="082" ind1="0" ind2=" ">
   <subfield code="a">730</subfield>
   <subfield code="q">LOC</subfield>
   <subfield code="2">21</subfield>
  </datafield>
  <datafield tag="084" ind1=" " ind2=" ">
   <subfield code="a">9,10</subfield>
   <subfield code="2">ssgn</subfield>
  </datafield>
  <datafield tag="084" ind1=" " ind2=" ">
   <subfield code="a">21.52</subfield>
   <subfield code="2">bkl</subfield>
  </datafield>
  <datafield tag="245" ind1="0" ind2="3">
   <subfield code="a">La consolidación del Barroco en la escultura andaluza e hispanoamericana</subfield>
   <subfield code="c">coord.: Lázaro Gila Medina. Luis Javier Cuesta Hernańdez; ...</subfield>
  </datafield>
  <datafield tag="264" ind1=" " ind2="1">
   <subfield code="a">Granada</subfield>
   <subfield code="b">Ed. Universidad de Granada</subfield>
   <subfield code="c">2013</subfield>
  </datafield>
  <datafield tag="300" ind1=" " ind2=" ">
   <subfield code="a">447 S</subfield>
   <subfield code="b">zahlr. Ill</subfield>
   <subfield code="c">26 cm</subfield>
  </datafield>
  <datafield tag="336" ind1=" " ind2=" ">
   <subfield code="a">Text</subfield>
   <subfield code="b">txt</subfield>
   <subfield code="2">rdacontent</subfield>
  </datafield>
  <datafield tag="337" ind1=" " ind2=" ">
   <subfield code="a">ohne Hilfsmittel zu benutzen</subfield>
   <subfield code="b">n</subfield>
   <subfield code="2">rdamedia</subfield>
  </datafield>
  <datafield tag="338" ind1=" " ind2=" ">
   <subfield code="a">Band</subfield>
   <subfield code="b">nc</subfield>
   <subfield code="2">rdacarrier</subfield>
  </datafield>
  <datafield tag="500" ind1=" " ind2=" ">
   <subfield code="a">Este libro es el resultado de proyecto de investigación &quot;La consolidación del naturalismo en la escultura andaluza e hispanoamericana&quot;</subfield>
  </datafield>
  <datafield tag="583" ind1="1" ind2=" ">
   <subfield code="a">Archivierung/Langzeitarchivierung gewährleistet</subfield>
   <subfield code="f">SSG</subfield>
   <subfield code="x">XA-DE-BW</subfield>
   <subfield code="2">pdager</subfield>
   <subfield code="5">DE-16</subfield>
  </datafield>
  <datafield tag="650" ind1=" " ind2="0">
   <subfield code="a">Sculpture, Spanish</subfield>
   <subfield code="z">Spain</subfield>
   <subfield code="z">Andalusia</subfield>
   <subfield code="y">17th century</subfield>
  </datafield>
  <datafield tag="650" ind1=" " ind2="0">
   <subfield code="a">Sculpture, Latin American</subfield>
   <subfield code="y">17th century</subfield>
  </datafield>
  <datafield tag="650" ind1=" " ind2="0">
   <subfield code="a">Sculpture, Baroque</subfield>
   <subfield code="z">Spain</subfield>
   <subfield code="z">Andalusia</subfield>
  </datafield>
  <datafield tag="650" ind1=" " ind2="0">
   <subfield code="a">Sculpture, Baroque</subfield>
   <subfield code="z">Latin America</subfield>
  </datafield>
  <datafield tag="650" ind1=" " ind2="0">
   <subfield code="a">Escultura barroca</subfield>
   <subfield code="x">España</subfield>
   <subfield code="x">Andalucía</subfield>
  </datafield>
  <datafield tag="650" ind1=" " ind2="0">
   <subfield code="a">Escultura barroca</subfield>
   <subfield code="x">América Latina</subfield>
  </datafield>
  <datafield tag="655" ind1=" " ind2="7">
   <subfield code="a">Aufsatzsammlung</subfield>
   <subfield code="0">(DE-588)4143413-4</subfield>
   <subfield code="0">(DE-627)105605727</subfield>
   <subfield code="0">(DE-576)209726091</subfield>
   <subfield code="2">gnd-content</subfield>
  </datafield>
  <datafield tag="689" ind1="0" ind2="0">
   <subfield code="d">g</subfield>
   <subfield code="0">(DE-588)4001909-3</subfield>
   <subfield code="0">(DE-627)106395327</subfield>
   <subfield code="0">(DE-576)208844767</subfield>
   <subfield code="a">Andalusien</subfield>
   <subfield code="2">gnd</subfield>
  </datafield>
  <datafield tag="689" ind1="0" ind2="1">
   <subfield code="d">g</subfield>
   <subfield code="0">(DE-588)4074032-8</subfield>
   <subfield code="0">(DE-627)104571632</subfield>
   <subfield code="0">(DE-576)209192224</subfield>
   <subfield code="a">Lateinamerika</subfield>
   <subfield code="2">gnd</subfield>
  </datafield>
  <datafield tag="689" ind1="0" ind2="2">
   <subfield code="d">s</subfield>
   <subfield code="0">(DE-588)4046277-8</subfield>
   <subfield code="0">(DE-627)106198602</subfield>
   <subfield code="0">(DE-576)209068817</subfield>
   <subfield code="a">Plastik</subfield>
   <subfield code="2">gnd</subfield>
  </datafield>
  <datafield tag="689" ind1="0" ind2="3">
   <subfield code="d">s</subfield>
   <subfield code="0">(DE-588)4004541-9</subfield>
   <subfield code="0">(DE-627)106385380</subfield>
   <subfield code="0">(DE-576)208856447</subfield>
   <subfield code="a">Barock</subfield>
   <subfield code="2">gnd</subfield>
  </datafield>
  <datafield tag="689" ind1="0" ind2="4">
   <subfield code="a">z</subfield>
   <subfield code="2">gnd</subfield>
   <subfield code="a">Geschichte 1600-1750</subfield>
  </datafield>
  <datafield tag="689" ind1="0" ind2=" ">
   <subfield code="5">(DE-627)</subfield>
  </datafield>
  <datafield tag="700" ind1="1" ind2=" ">
   <subfield code="a">Gila Medina, Lázaro</subfield>
   <subfield code="d">1952-</subfield>
   <subfield code="e">Hrsg.</subfield>
   <subfield code="0">(DE-588)188477128</subfield>
   <subfield code="0">(DE-627)699401194</subfield>
   <subfield code="0">(DE-576)135345812</subfield>
   <subfield code="4">edt</subfield>
  </datafield>
  <datafield tag="700" ind1="1" ind2=" ">
   <subfield code="a">Cuesta Hernández, Luis Javier</subfield>
   <subfield code="d">1969-</subfield>
   <subfield code="0">(DE-588)140497633</subfield>
   <subfield code="0">(DE-627)618442189</subfield>
   <subfield code="0">(DE-576)318532379</subfield>
   <subfield code="4">oth</subfield>
  </datafield>
  <datafield tag="787" ind1="0" ind2="8">
   <subfield code="i">Rezensiert in</subfield>
   <subfield code="a">Camacho Martínez, Rosario, 1943 - </subfield>
   <subfield code="t">[Rezension von: Lázaro Gila Medina (Hrsg.), La consolidación del Barroco en la escultura andaluza e hispanoamericana]</subfield>
   <subfield code="d">2014</subfield>
   <subfield code="w">(DE-627)1928896464</subfield>
  </datafield>
  <datafield tag="856" ind1="4" ind2="2">
   <subfield code="u">http://www.columbia.edu/cgi-bin/cul/resolve?clio10508297</subfield>
   <subfield code="v">2014-01-28</subfield>
   <subfield code="x">Verlag</subfield>
   <subfield code="y">TOC</subfield>
   <subfield code="7">1</subfield>
  </datafield>
  <datafield tag="856" ind1="4" ind2="2">
   <subfield code="u">http://www.loc.gov/catdir/enhancements/fy1506/2013405277-d.html</subfield>
   <subfield code="v">2015-04-28</subfield>
   <subfield code="x">Verlag</subfield>
   <subfield code="3">Verlagsangaben</subfield>
   <subfield code="7">1</subfield>
  </datafield>
  <datafield tag="856" ind1="4" ind2="2">
   <subfield code="u">http://www.gbv.de/dms/spk/iai/cov/757487939.jpg</subfield>
   <subfield code="m">V:DE-601</subfield>
   <subfield code="m">B:DE-204</subfield>
   <subfield code="v">2017-07-21</subfield>
   <subfield code="x">Verlag</subfield>
   <subfield code="3">Cover</subfield>
   <subfield code="7">1</subfield>
  </datafield>
  <datafield tag="856" ind1="4" ind2="2">
   <subfield code="u">https://swbplus.bsz-bw.de/bsz392233819inh.htm</subfield>
   <subfield code="m">B:DE-576;DE-16</subfield>
   <subfield code="q">application/pdf</subfield>
   <subfield code="v">20130925134129</subfield>
   <subfield code="x">Verlag</subfield>
   <subfield code="3">Inhaltsverzeichnis</subfield>
   <subfield code="7">1</subfield>
  </datafield>
  <datafield tag="935" ind1=" " ind2=" ">
   <subfield code="i">Blocktest</subfield>
  </datafield>
  <datafield tag="936" ind1="b" ind2="k">
   <subfield code="a">21.52</subfield>
   <subfield code="j">Geschichte der Bildhauerei</subfield>
   <subfield code="0">(DE-627)106405829</subfield>
  </datafield>
  <datafield tag="951" ind1=" " ind2=" ">
   <subfield code="a">BO</subfield>
  </datafield>
  <datafield tag="990" ind1=" " ind2=" ">
   <subfield code="a">Andalusien</subfield>
  </datafield>
  <datafield tag="990" ind1=" " ind2=" ">
   <subfield code="a">Lateinamerika</subfield>
  </datafield>
  <datafield tag="990" ind1=" " ind2=" ">
   <subfield code="a">Plastik</subfield>
  </datafield>
  <datafield tag="990" ind1=" " ind2=" ">
   <subfield code="a">Barock</subfield>
  </datafield>
  <datafield tag="990" ind1=" " ind2=" ">
   <subfield code="a">Geschichte 1600-1750</subfield>
  </datafield>
  <datafield tag="991" ind1=" " ind2=" ">
   <subfield code="a">Rezensiertes Werk</subfield>
  </datafield>
  <datafield tag="999" ind1=" " ind2=" ">
   <subfield code="a">KXP-PPN757487939</subfield>
   <subfield code="e">4930013895</subfield>
  </datafield>
 </record>
</collection>
